Tapez le plus rapidement possible (#2) - Statistiques

Statistiques générales
  • Ce quiz a été pris 263 fois
  • Le résultat moyen est 21 sur 26
Statistiques - réponses
Lettres à taper Lettres % Correct
k k
100%
v v
99%
b b
98%
j j
98%
a a
96%
n n
96%
q q
96%
r r
96%
u u
96%
l l
93%
s s
91%
z z
91%
o o
90%
w w
88%
g g
86%
x x
81%
d d
77%
e e
76%
i i
71%
m m
70%
c c
63%
h h
60%
t t
55%
p p
51%
f f
47%
y y
44%
Aucun quiz correspondant
Distribution des résultats
% des personnes avec chaque résultat
Percentile par nombre de réponses
Votre historique - résultats
Vous n’avez pas pris ce quiz